Harry Potter Name Chain Quiz Stats

 Plays Quiz not verified by Sporcle

Challenge
Share
Tweet
Embed
Score 0/20 Timer 08:00
0 Plays Today
Hint Answer % Correct
????
100%
????
93.9%
????
93.9%
????
93.9%
????
51.5%
????
45.5%
????
45.5%
????
42.4%
????
33.3%
????
30.3%
Hint Answer % Correct
????
30.3%
????
27.3%
????
27.3%
????
27.3%
????
24.2%
????
24.2%
????
15.2%
????
15.2%
????
9.1%
????
9.1%

You're not logged in!

Compare scores with friends on all Sporcle quizzes.
OR
Log In

You Might Also Like...

Show Comments

Extras

Created Jul 9, 2017ReportNominate
Tags:harry, linked, next

Top Quizzes Today


Score Distribution

Your Account Isn't Verified!

In order to create a playlist on Sporcle, you need to verify the email address you used during registration. Go to your Sporcle Settings to finish the process.

Report this User

Report this user for behavior that violates our Community Guidelines.

Details: